Welcome to CU Library Online Public Access Catalogue (OPAC)

Ecstasy and intimacy : (Record no. 7456)

MARC details
000 -LEADER
fixed length control field 00743cam a2200229 a 4500
001 - CONTROL NUMBER
control field 14108872
005 - DATE AND TIME OF LATEST TRANSACTION
control field 20250903152128.0
008 - FIXED-LENGTH DATA ELEMENTS--GENERAL INFORMATION
fixed length control field 050915s2006 miua b 000 0 eng
020 ## - INTERNATIONAL STANDARD BOOK NUMBER
International Standard Book Number 9780802831477
Qualifying information pbk. : alk. paper
020 ## - INTERNATIONAL STANDARD BOOK NUMBER
International Standard Book Number 0802831478
Qualifying information pbk. : alk. paper
050 00 - LIBRARY OF CONGRESS CALL NUMBER
Classification number BV4501.3
Item number .H857 2006
082 00 - DEWEY DECIMAL CLASSIFICATION NUMBER
Classification number 248
Edition information 22
100 1# - MAIN ENTRY--PERSONAL NAME
Personal name Humphrey, Edith McEwan.
245 10 - TITLE STATEMENT
Title Ecstasy and intimacy :
Remainder of title when the Holy Spirit meets the human spirit /
Statement of responsibility, etc. Edith M. Humphrey.
260 ## - PUBLICATION, DISTRIBUTION, ETC.
Place of publication, distribution, etc. Grand Rapids, Mich. :
Name of publisher, distributor, etc. W.B. Eerdmans Pub. Co.,
Date of publication, distribution, etc. c2006.
300 ## - PHYSICAL DESCRIPTION
Extent xiii, 295 p. :
Other physical details ill. ;
Dimensions 23 cm.
500 ## - GENERAL NOTE
General note "Foreward by Eugene H. Peterson"--Cover.
650 #0 - SUBJECT ADDED ENTRY--TOPICAL TERM
Topical term or geographic name entry element Spirituality
650 #0 - SUBJECT ADDED ENTRY--TOPICAL TERM
Topical term or geographic name entry element Holy Spirit.
650 #0 - SUBJECT ADDED ENTRY--TOPICAL TERM
Topical term or geographic name entry element Trinity.
942 ## - ADDED ENTRY ELEMENTS (KOHA)
Source of classification or shelving scheme Library of Congress Classification
Koha item type Books
Suppress in OPAC No
999 ## -
-- 7456
-- 7456
Holdings
Withdrawn status Lost status Source of classification or shelving scheme Damaged status Not for loan Collection Home library Current library Shelving location Date acquired Total checkouts Full call number Barcode Date last seen Copy number Price effective from Koha item type
    Library of Congress Classification     Non-fiction Undergraduate Library (Christ Temple) Undergraduate Library (Christ Temple) General stacks 09/03/2025   BV4501.3 HUM ulct00004620 09/03/2025 1 09/03/2025 Books
© 2023-2024 Copyright: Central University Libraries. All Rights Reserved | Created by: Mahone Tech Office